000 00586nam a22001817a 4500
005 20251108172339.0
008 250721s1992 xx 000 0 ara d
082 1 4 _a338.763/محم
100 1 _aالحسيني، محمد أحمد
245 1 0 _aالمشروعات الصغيرة :
_bفي منتجات الألبان - تصنيع ... /
264 1 _aالقاهرة :
_bمكتبة إبن سينا،
_c1992.
300 _a288ص
490 0 _aهدية الشباب
650 1 7 _aالمشروعات الزراعية
650 1 7 _aالإنتاج
942 _2ddc
_cBK
999 _c76876
_d76876